Loreto College Library, Kolkata
WEBOPAC (ONLINE PUBLIC ACCESS CATALOGUE)

The Golden treasury of the best songs and lyrical poems in the English language (Record no. 13024)

MARC details
000 -LEADER
fixed length control field 00685nam a2200193Ia 4500
005 - DATE AND TIME OF LATEST TRANSACTION
control field 20230223114203.0
008 - FIXED-LENGTH DATA ELEMENTS--GENERAL INFORMATION
fixed length control field 131103s9999 xx 000 0 und d
040 ## - CATALOGING SOURCE
Original cataloging agency Loreto College
041 ## - LANGUAGE CODE
Language code English
082 ## - DDC | ডিউই
Classification number | বর্গসংখ্যা 821.08
Book Number | গ্রন্থাঙ্ক PAL
245 #4 - TITLE STATEMENT | অাখ্যা বিবরণী
Title | অাখ্যা The Golden treasury of the best songs and lyrical poems in the English language
Statement of responsibility | লেখকের দায়িত্বের বিবরণ selected and arranged by Francis Turner Palgrave; with an introduction and additional poems selected and arranged by C. DayLewis
260 ## - IMPRINT | প্রকাশনা ক্ষেত্র
Place of publication | প্রকাশ স্থান London
Name of publisher | প্রকাশকের নাম Collins
Date of publication | প্রকাশ কাল 1959
300 ## - PHYSICAL DESCRIPTION |
Page / Vol. No | পৃষ্ঠা / খন্ড সংখ্যা 576p.
504 ## - BIBLIOGRAPHY, ETC. NOTE
Bibliography, etc Includes notes, index and glossary
650 ## - SUBJECT ADDED ENTRY--TOPICAL TERM | বিষয় শিরোনাম - মূল বিষয়
Topical term | মূল বিষয় English Poetry - Collections
700 ## - ADDED ENTRY--PERSONAL NAME | অতিরিক্ত সংলেখ - ব্
Personal name | ব্যাক্তিনাম Palgrave, Francis Turner
850 ## - HOLDING INSTITUTION
Holding institution LCLIB
942 ## - ADDED ENTRY ELEMENTS (KOHA)
Koha item type Books
Holdings
Withdrawn status Lost status Source of classification Damaged status Not for loan Home library Current library Date acquired Total Checkouts Full call number Accession No. Date last seen Price effective from Koha item type Coded location qualifier
    Dewey Decimal Classification     Loreto College Loreto College 04/11/2013   821.08 PAL 1525 B13031 04/11/2013 04/11/2013 Books